1502 1900 1991 1174 1645 1370 1934 1615 1062 1241 1725 1233 1322 1723 1515 1145 1317 1450 1907 1648 1341 1583 1417 1866 1550 1515 1805 1312 1249 1708 1843 1782 1898 1468 1856 1355 1133 1472 1136 1030 1444 1961 1293 1376 1307 1306 1937 1310 1319 1638 1894 1371 1931 1577 1180 1752 1153 1873 1986 1989 1333 1442 1383 1103 1530 1877 1733 1450 1090 1730 1635 1895 1194 1235 1016 1472 1519 1620 1666 1605 1464 1619 1729 1861 1095 1090 1071 1519 1753 1445 1979 1119 1830 1400 1462 1692 1486 1123 1378 BCNSPRNW ULIB Ver.6.0+V

เปลี่ยนเป็นภาษาไทย

Change to English
 แสดงรายละเอียดบรรณานุกรม
  กลับหน้าหลัก

Brief Record : Get Marc (ISO 2709) : E-mail record : QR code < ปิดหน้าต่าง
LEADER : 00000nam 2200000uu 4500
001    13399128499
003     ULIB
008    230830s2558||||th 000 0 tha d
020    ^a9786162871238
050  4 ^aTX324^bม476ช
100 1  ^aมาริเอะ, คนโด
245 10 ^aชีวิตดีขึ้นทุกๆ ด้านด้วยการจัดบ้านแค่ครั้งเดียว /^cคนโด มาริเอะ ; ผู้แปล,โยซุเกะ, ปฏิพล ตั้งจักรวรานนท์
246 30 ^aJinsei ga Tokimeku Katatsuke no Mahou
260    ^aกรุงเทพฯ :^bวีเลิร์น,^c2558
300    ^a252 หน้า ;^c19 ซม.
650  4 ^aการทำความสะอาดบ้าน
650  4 ^aงานแม่บ้าน
650  4 ^aการจัดการบ้าน
650  4 ^aที่เก็บของในบ้าน
700 0  ^aโยซุเกะ,^eผู้แปล
700 0  ^aปฏิพล ตั้งจักรวรานนท์,^eผู้แปล
700 1  ^aMarie, Kondo
945    ^p180^l0^i010262
999    ^aประนอม เกษจรัล
รายการนี้ยังไม่มีแท็ก
คุณยังไม่ได้ล็อกอิน คุณสามารถมีกิจกรรมร่วมกับเว็บไซต์ได้ แต่ต้องล็อกอินก่อน ::
  ล็อกอิน

รายการสื่อสารสนเทศ

ลำดับที่ ประเภท เลขเรียก/บาร์โค้ด สถานที่ สถานะ
1. การศึกษาทั่วไป
การศึกษาทั่วไป
TX324 ม476ช ฉ.1 
  Barcode: 010262
ห้องสมุดวิทยาเขตสวรรค์ประชารักษ์
►หนังสือทั่วไป
ถูกยืม กำหนดส่งวันที่ 25 กรกฎาคม 2568
  จอง

รายการใกล้เคียง
    หัวเรื่อง [การทำความสะอาดบ้าน]
    หัวเรื่อง [การจัดการบ้าน]

BibComment


ยังไม่เคยถูกคอมเมนท์

คอมเมนท์ทรัพยากรรายการนี้
  คอมเมนท์: ชีวิตดีขึ้นทุกๆ ..


 Copyright 2026. Bcnsprnw @Library